Manuel de Géographie historique de la France... / (Record no. 109193)

MARC details
000 -LEADER
campo de control de longitud fija 00478nam a2200169 4500
001 - NÚMERO DE CONTROL
campo de control 109193
003 - IDENTIFICADOR DE NÚMERO DE CONTROL
campo de control ES-MaACL
007 - CAMPO FIJO DE DESCRIPCIÓN FÍSICA--INFORMACIÓN GENERAL
campo de control de longitud fija t|
008 - DATOS DE LONGITUD FIJA--INFORMACIÓN GENERAL
campo de control de longitud fija 061121s1950 fr r ||||1| fre d
100 1# - ENTRADA PRINCIPAL--NOMBRE DE PERSONA
Nombre de persona Mirot, Albert.
9 (RLIN) 81631
245 10 - MENCIÓN DEL TÍTULO
Título Manuel de Géographie historique de la France... /
Mención de responsabilidad, etc. Albert Mirot.
250 ## - MENCION DE EDICION
Mención de edición 10ª ed.
260 ## - PUBLICACIÓN, DISTRIBUCIÓN, ETC.
Lugar de publicación, distribución, etc. Paris :
Nombre del editor, distribuidor, etc. A. et J. Picard,
Fecha de publicación, distribución, etc. 1950.
300 ## - DESCRIPCIÓN FÍSICA
Extensión 314 p. :
Otras características físicas il. ;
Dimensiones 23 cm.
505 8# - NOTA DE CONTENIDO CON FORMATO
Nota de contenido con formato Es el tomo 2º
852 ## - LOCALIZACIÓN
Ubicación ES-MaACL
Número de control de estantería E-4128
Sublocalización o colección R.43248
Holdings
Estatus retirado Estado de pérdida Estado de daño No para préstamo Biblioteca de origen Biblioteca actual Ubicación en estantería Fecha de adquisición Fuente de adquisición Total de préstamos Signatura topográfica completa Código de barras Visto por última vez Precio de reemplazo Tipo de ítem Koha
        Biblioteca del Ateneo de Madrid Biblioteca del Ateneo de Madrid Depósito 2 17/01/2008     E-4128 1113936 23/02/2023 23/02/2023 Libro impreso